[Event "Edward Lasker Memorial 99th"]
[Site "New York"]
[Date "2015.12.12"]
[Round "2"]
[White "Qi, Henry"]
[Black "Chen, Victor"]
[Result "1-0"]
[WhiteElo "2084"]
[BlackElo "1667"]
[PlyCount "81"]
[EventDate "2015.12.11"]
[EventType "swiss"]
[EventRounds "9"]
[EventCountry "USA"]
[SourceTitle "CBM 170 Extra"]
[Source "ChessBase"]
[SourceDate "2016.02.25"]
[SourceVersion "1"]
[SourceVersionDate "2016.02.25"]
[SourceQuality "1"]

1. d4 Nf6 2. c4 e6 3. Nc3 c5 4. d5 exd5 5. cxd5 d6 6. e4 g6 7. f4 Bg7 8. Bb5+ Nfd7 9. Bd3 a6 10. a4 0-0 11. Nf3 Re8 12. 0-0 Nb6 13. h3 Qc7 14. Re1 N6d7 15. Qb3 Ra7 16. Be3 b6 17. Bf2 Rb7 18. Rad1 Bxc3 19. Qxc3 b5 20. axb5 axb5 21. e5 dxe5 22. d6 Qb6 23. fxe5 Nc6 24. Be4 b4 25. Qb3 Nf8 26. Qd5 Bd7 27. Bxc5 Qd8 28. Bc2 Ne6 29. Bf2 Qb8 30. b3 Rb5 31. Qd2 Rc8 32. Bd3 Rd5 33. Qh6 Na5 34. Nd2 Kh8 35. Nc4 Nxc4 36. Bxc4 Ra5 37. Bxe6 Bxe6 38. Bh4 Qa7+ 39. Kh1 f5 40. Bf6+ Kg8 41. d7 1-0